Country Names Without Vowels #8 - Statistics

General Stats
  • This quiz has been taken 48 times
  • The average score is 14 of 15
Answer Stats
Without Vowels With Vowels % Correct
Grmny Germany
100%
Bngldsh Bangladesh
98%
Kyrgyzstn Kyrgyzstan
98%
Plnd Poland
98%
Syr Syria
98%
Zmb Zambia
98%
Mlw Malawi
96%
Mngl Mongolia
96%
Clmb Colombia
93%
Trndd Nd Tbg Trinidad And Tobago
93%
Mldvs Maldives
91%
Mldv Moldova
91%
Eqtrl Gn Equatorial Guinea
89%
Cmrs Comoros
85%
Crt Croatia
63%
No matching quizzes found
Score Distribution
Percent of People with Each Score
Percentile by Number Answered
Your Score History
You have not taken this quiz